| 000 | 00881nam a22002417a 4500 | ||
|---|---|---|---|
| 008 | 130821s1945 ck gr dspa | ||
| 040 |
_aCo-BoUCM _bspa |
||
| 041 | 0 | 0 | _aspa |
| 092 | _aFM 000515 | ||
| 100 |
_aBaunard, Luis _9148425 |
||
| 245 | 0 | 3 |
_aEl apóstol aguila _bSan Juan Evangelista _cLuis Baunard, tradujo Antonio Forero |
| 260 |
_aBogotá (Colombia) _bAguila _c1945 |
||
| 300 | _axvi, 374 páginas | ||
| 500 | _aIncluye bibliografía e índice. -- Este libro se encuentra en el depósito de la biblioteca | ||
| 600 |
_aJuan Evangelista _cSanto _92009 |
||
| 600 |
_aJuan Evangelista _cSanto _vBiografías _9148426 |
||
| 600 |
_aJuan Evangelista _cSanto _xCrítica e interpretación, etc. _9148427 |
||
| 650 | 0 | 4 |
_aApóstoles _99249 |
| 650 | 0 | 4 |
_aBiografías _97343 |
| 650 | 0 | 4 |
_aEvangelistas _915348 |
| 700 |
_aForero, Antonio. _eTr _9148428 |
||
| 942 |
_cLIBRO _a27 _e1 _n0 |
||
| 999 |
_c84400 _d84400 |
||